Ethiopia, Djibouti & Somaliland : lonely planet.

Bibliographic Details
Format: Book
Published: Victoria: Lonely Planet Publications, 2013.
Edition:5th ed..
Series:Lonely planet
Subjects:
LEADER 00718cam a2200217 7i4500
001 0000030963
005 20140523090000.0
020 0 0 |a 9781741797961  
090 0 0 |a AFRI 910.202   |b ETH 
245 0 0 |a Ethiopia, Djibouti & Somaliland :   |b lonely planet. 
250 0 0 |a 5th ed.. 
260 0 0 |a Victoria:   |b Lonely Planet Publications,   |c 2013. 
300 # # |a 375 p. 
440 0 0 |a Lonely planet 
650 0 0 |a Djibouti --   |x Description and travel --   |x Guidebooks  
650 0 0 |a Ethiopia --   |x Description and travel --   |x Guidebooks  
650 0 0 |a Somaliland --   |x Description and travel --   |x Guidebooks  
651 0 0 |a Ethiopia  
651 0 0 |a Djibouti  
651 0 0 |a Somaliland  
999 |a B000034262  |b Book  |c Countries  |e Business Information Centre